000 00717nam a2200265Ia 4500
003 OSt
005 20220912152538.0
006 a|||||r|||| 00| 0
007 ta
008 220909b |||||||| |||| 00| 0 eng d
024 _a42277
037 _cTextual
040 _aCSL
_beng
_cCSL
041 _aeng
082 _aF555:3, G3
100 _aKalichevsky Vladimir Anatole
245 0 _aChemical refining of petroleum
260 _c1933
300 _ap.
_ccm.
490 _aAmerican chemical society, monograph series; 63
650 _aPetroleum
700 _a Stagner Bert Allen
942 _hF555:3, G3
_cTEXL
_2CC
999 _c88293
_d88293